000 00251nmm a2200085Ia 4500
008 220120s9999||||xx |||||||||||||||||und||
100 _aPCQ
245 0 _aMost awaited linux releases, fedora 17, knoppix 7.0.1, PCQ v
260 _aCyber media Pvt. Ltd.
_c2012
999 _c139793
_d139793